| 000 | 01381naa a22003137a 4500 | ||
|---|---|---|---|
| 001 | BR8601886 | ||
| 003 | BR-BrBNA | ||
| 005 | 20240918175652.0 | ||
| 007 | ta | ||
| 008 | 230509b bl.||||| |||| 00| 0 por d | ||
| 040 |
_aBR-BrBNA _bpor _cBiblioteca Nacional de Agricultura |
||
| 041 | _a(Pt) | ||
| 072 |
_aF04 _b0960 _b3820 |
||
| 090 | _aF04 BR8601886 | ||
| 100 | 1 | _aEllwanger, R.M. | |
| 100 | 1 | _aBarros, I. de | |
| 111 | 1 |
_a1. e 2. Reuniao Tecnica Anual de Hortalicas _cPorto Alegre, RS (Brazil); Rio Grande, RS (Brazil) _d26-29 May 1983; 16-19 Oct 1984 |
|
| 245 | 1 | _aEpocas de adubacao nitrogenada em cobertura na producao do morangueiro (Fragaia x ananassa Duch) | |
| 246 | 1 | _a[Nitrogen fertilization times in covering on the production of strawberry (Fragaia x ananassa Duch)] | |
| 246 | 1 | _a[Proceedings of the 1. and 2. Technical Yearly Meeting on Vegetables 1983 and 1984] | |
| 260 | 3 |
_aPorto Alegre, RS (Brasil): _c1985. |
|
| 500 | _aAta da 1. e 2. Reuniao Tecnica Anual de Hortalicas 1983 e 1984 Porto Alegre, RS (Brasil): 1985. p. 26-28 (BR8601886-AM)F04 | ||
| 650 | _aMORANGO | ||
| 650 | _aFERTILIZANTE NITROGENADO | ||
| 650 | _aADUBACAO DE COBERTURA | ||
| 773 | 0 |
_tAta da 1. e 2. Reuniao Tecnica Anual de Hortalicas 1983 e 1984 _wF04 BR8601886 _gPorto Alegre, RS (Brasil), 1985. p. 26-28 |
|
| 909 |
_a202404 _bLucia _c55 _dLucia Elande |
||
| 942 |
_cAM _2AGRIS |
||
| 999 |
_c317698 _d317698 |
||